Statistics for Countries beginning with "M"

Click here to take the quiz!

General Stats

  • This quiz has been taken 71 times
    (64 since last reset)
  • The average score is 13 of 22

Answer Stats

HintAnswer% Correct
AfricaMorocco
84%
AfricaMali
82%
AsiaMongolia
80%
AsiaMalaysia
78%
North AmericaMexico
78%
AfricaMadagascar
73%
AsiaMaldives
73%
EuropeMalta
73%
EuropeMonaco
73%
AsiaMyanmar
69%
AfricaMauritania
65%
AfrcaMauritius
65%
AfricaMalawi
64%
AfricaMozambique
64%
EuropeMoldova
56%
EuropeMontenegro
56%
OceaniaMarshall Islands
53%
OceaniaFederated States of Micronesia
45%
EuropeMacedonia
42%
North AmericaMontserrat
5%
AsiaMacao
2%
North AmericaMartinique
2%

Score Distribution

Percentile by Number Answered

Percent of People with Each Score

Your Score History

You have not taken this quiz since the last reset